WWE superstars - Statistics

General Stats
  • This quiz has been taken 36 times
  • The average score is 25 of 75
Answer Stats
Hint Answer % Correct
Tribal chief Roman Reigns
96%
Powerhouse of the new day Big E
85%
The man Becky Lynch
81%
The viper Randy Orton
77%
Nature boy Ric Flair
69%
The architect Seth Rollins
65%
The kingster Kofi Kingston
62%
The phenomenal one AJ Styles
58%
Plays trombone Xavier Woods
58%
The fiend Bray Wyatt
54%
The queen Charlotte flair
54%
The American nightmare Cody Rhodes
54%
The beast Brock Lesnar
50%
Hulkamania Hulk Hogan
50%
You can see me John Cena
50%
Big red machine Kane
50%
The king of strong style Shinsuke Nakamura
50%
Peoples champion The Rock
50%
The Animal Batista
46%
Zig Zag Dolph Ziggler
46%
Claymore Drew Mcintyre
42%
The rated - r superstar Edge
42%
King of bros Riddle
42%
Powerhouse of the Street Profits Angelo Dawkins
38%
The EST Bianca Belair
38%
Paul Wight Big Show
38%
Demon king Finn Balor
38%
High-flyer of the Street Profits Montez Ford
38%
Empress of tomorrow Asuka
35%
Y2J Chris Jericho
35%
The lunatic fringe Dean Ambrose
35%
Latino Heat Eddie Guerrero
35%
Plays guitar for Shinsuke Nakamura (November 2021) Rick Boogs
35%
Bay Bay Adam Cole
31%
Ding Dong Hello Bayley
31%
Walk with _____/Plays guitar Elias
31%
The snake Jake Roberts
31%
The nightmare Rhea Ripley
31%
Five feet of fury Alexa Bliss
27%
He is a time 2-time hall of famer ( Once with his brother) Booker T
27%
The hitman Bret Hart
27%
Killswitch Christian
27%
The American dream Dusty Rhodes
27%
STUN THE WORLD Kevin Owens
27%
Black mass Aleister Black
23%
The glamazon Beth Phoenix
23%
The brain Bobby Heenan
23%
Strowman express Braun Strowman
23%
C-hick M-agnet Cm Punk
23%
The charismatic enigma Jeff Hardy
23%
Almost. Super. Hero Nikki A.S.H
23%
Rosebuds Adam Rose
19%
Black widow AJ Lee
19%
Nigerian Apollo Crews
19%
King of swing Cesaro
19%
The bizarre one Goldust
19%
One man band Heath Slater
19%
Drip Drip John Morrison
19%
How much fish could ______ ____ fry if _____ ____ could fry fish Bobby Fish
15%
Self-proclaimed the most beautiful woman in WWE Carmella
15%
The myth Goldberg
15%
Leprechaun Hornswoggle
15%
Wife of the above Sable
15%
Booker T's wife Sharmel
15%
Brother of the above Stevie Ray
15%
The dominator Bobby Lashley
12%
To The Moon Cameron Grimes
12%
All red everything Eva Marie
12%
The king Jerry Lawler
12%
Impressive Indi Hartwell
8%
Ambassador of kickassador Kyle O'Reilly
8%
Husband of the above Dexter lumis
4%
Thinks she has the best back in NXT Raquel Gonzalez
4%
Ex - Cirque du Soleil performer Reginald
4%
Golden greek Jim Londos
0%
No matching quizzes found
Score Distribution
Percent of People with Each Score
Percentile by Number Answered
Your Score History
You have not taken this quiz